| 000 | 01314nac a22002891u 4500 | ||
|---|---|---|---|
| 010 | _a 98124562 | ||
| 020 | _a0070414017 | ||
| 035 | _a(OCoLC)38099613 | ||
| 082 | 0 | 0 |
_a621.38154 _bM9396 |
| 090 |
_c1936 _d1936 |
||
| 100 | _aMroczkowski, Robert S. | ||
| 245 | 1 | 0 |
_aElectronic connector handbook : _btheory and applications / _cRobert S. Mroczkowski. |
| 260 |
_aNew York : _bMcGraw-Hill, _cc1998. |
||
| 300 |
_a1 v. (various pagings) : _bill. ; _c25 cm. |
||
| 440 | 0 | _aElectronic packaging and interconnection series | |
| 504 | _aIncludes bibliographical references and index. | ||
| 650 | 0 |
_aElectric connectors _xHandbooks, manuals, etc. |
|
| 650 | 0 |
_aElectronics _xEquipment and supplies. |
|
| 650 | 0 | _aELECTRIC CONNECTORS | |
| 650 | 0 | _aELECTRONIC EQUIPMENT | |
| 650 | 0 | _aHANDBOOKS | |
| 856 | 4 | 2 |
_3Publisher description _uhttp://www.loc.gov/catdir/description/mh023/98124562.html |
| 856 | 4 | 2 |
_3Table of contents _uhttp://www.loc.gov/catdir/toc/mh022/98124562.html |
| 942 |
_cNB _k621.38154 |
||
| 999 |
_c1936 _d1936 |
||